Klikkaa Suomen maakuntia rajattomalla kartalla - Statistics

Yleistilastot
  • Tätä visaa on pelattu 109 kertaa
  • Keskiarvotulos 15 / 19
Vastaukset kartalla
Vastauksille on annettu kartalla punavihreä väri sen mukaan, kuinka moni on saanut sen oikein.
 
Vastaustilastot
Vastaus % Oikein
Etelä-Savo
95%
Lappi
91%
Ahvenanmaa
89%
Pohjois-Pohjanmaa
89%
Pohjois-Karjala
87%
Uusimaa
87%
Kainuu
82%
Keski-Suomi
82%
Pirkanmaa
82%
Varsinais-Suomi
82%
Etelä-Karjala
78%
Pohjois-Savo
78%
Etelä-Pohjanmaa
75%
Satakunta
71%
Kanta-Häme
67%
Päijät-Häme
67%
Kymenlaakso
65%
Pohjanmaa
62%
Keski-Pohjanmaa
56%
Ehtoja vastaavia visoja ei löytynyt
Tulosjakauma
Jokaisen tuloksen saaneiden osuus
Persentiili vastausten määrän mukaan
Tuloshistoriasi
Et ole pelannut tätä visaa